All 35 American Countries Being Drawn - Statistics

General Stats
  • This quiz has been taken 5,409 times
  • The average score is 23 of 35
Answers on the Map
Answers color-coded by a green-red scale on the quiz's map according to % correct below.
 
Answer Stats
% Correct
Canada
73%
Argentina
72%
Brazil
72%
Chile
72%
Cuba
72%
Bahamas
71%
Mexico
71%
Panama
71%
Peru
70%
United States
70%
Belize
69%
Guatemala
69%
Haiti
69%
Antigua and Barbuda
68%
Colombia
68%
Costa Rica
68%
Guyana
68%
Bolivia
67%
Jamaica
67%
Nicaragua
67%
Paraguay
67%
Venezuela
67%
Trinidad and Tobago
66%
Saint Kitts and Nevis
65%
Saint Vincent and theGrenadines
65%
El Salvador
64%
Dominican Republic
62%
Ecuador
62%
Honduras
62%
Barbados
61%
Saint Lucia
61%
Grenada
60%
Dominica
59%
Suriname
59%
Uruguay
59%
No matching quizzes found
Score Distribution
Percent of People with Each Score
Percentile by Number Answered
Your Score History
You have not taken this quiz